000 00644nam a22001697a 4500
999 _c12352
_d12352
003 AR-CdUCM
008 190408b ||||| |||| 00| 0 spa d
040 _aMUNICIPALIDAD PROVINCIAL DEL CUSCO
_cBIBLIOTECA MUNICIPAL DEL CUSCO
082 _aC / 985.01 /
_bC13
100 _aCabieses, Fernando
_930173
245 _aLos dioses vinieron del mar /
260 _aLima :
_bP. L. Villanueva,
_c1972.
300 _a519 páginas ;
_c22 cm.
505 _aCiudad santa -- El puma despierto -- Los cachorros -- Nubes grises -- Calor de arena -- La nueva clases -- Un principe humillado -- Deserción...
942 _2ddc
_cLIBROS
945 _awfj
_d2019-04-08